[Event "FIDE Grand Swiss 2025"]
[Site "Samarkand UZB"]
[Date "2025.09.11"]
[Round "7.12"]
[White "Aronian, L."]
[Black "Puranik, A."]
[Result "1/2-1/2"]
[WhiteElo "2737"]
[BlackElo "2635"]
[PlyCount "136"]
[EventDate "2025.09.04"]

1. d4 d5 2. c4 e6 3. Nc3 c5 4. e3 Nf6 5. Nf3 Nc6 6. a3 h6 7. dxc5 ({RR} 7. Bd3 cxd4 8. exd4 Be7 9. O-O O-O 10. cxd5 Nxd5 11. Re1 Nf6 12. Bc2 b6 13. Qd3 Bb7 14. Bf4 Re8 15. Rad1 Bf8 16. d5 Ne7 17. dxe6 Qxd3 18. exf7+ Kxf7 19. Ne5+ Kg8 20. Bxd3 Ned5 21. Bc4 Rad8 {Zvjaginsev,V (2599)-Puranik,A (2604) Warsaw 2021 1-0 (38)}) ({RR} 7. Bd3 cxd4 8. exd4 Be7 9. O-O O-O 10. cxd5 Nxd5 11. Re1 Nf6 12. Bc2 b6 13. Qd3 Bb7 14. Bf4 Re8 15. Rad1 Bf8 16. d5 Ne7 17. dxe6 Qxd3 18. exf7+ Kxf7 19. Ne5+ Kg8 20. Bxd3 Ned5 21. Bc4 Rad8 {Zvjaginsev,V (2599)-Puranik,A (2604) Warsaw 2021 1-0 (38)}) 7... Bxc5 8. b4 Bd6 $146 ({RR} 8... Be7 9. Bb2 O-O 10. Be2 b6 11. O-O Bb7 12. cxd5 exd5 13. Qb3 Qd7 14. Rfd1 Rfd8 15. Rac1 Qf5 16. Nb5 Rac8 17. Nbd4 Nxd4 18. Nxd4 Qg5 19. Bf3 Ne4 20. Qa4 a6 21. Rxc8 Rxc8 22. Qd7 Nd6 23. g3 {Mezheritsky,Y (2130)-Zhesterev,A Kiev 2002 1-0 (35)}) ({RR} 8... Be7 9. Bb2 O-O 10. Qc2 dxc4 11. Bxc4 a6 12. Bd3 Bxb4 13. Rd1 Bd6 14. Ne4 Nxe4 15. Bxe4 Qa5+ 16. Nd2 Be5 17. O-O Bxb2 18. Qxb2 Qe5 19. Qb1 Bd7 20. Nc4 Qc7 21. Nd6 Rab8 22. Rd2 Ne5 23. Qb2 {Le,Q (2731)-Raja,H (2458) Saint Louis USA 2024 1-0 (47)}) ({RR} 8... Be7 9. Bb2 O-O 10. Be2 b6 11. O-O Bb7 12. cxd5 exd5 13. Qb3 Qd7 14. Rfd1 Rfd8 15. Rac1 Qf5 16. Nb5 Rac8 17. Nbd4 Nxd4 18. Nxd4 Qg5 19. Bf3 Ne4 20. Qa4 a6 21. Rxc8 Rxc8 22. Qd7 Nd6 23. g3 {Mezheritsky,Y (2130)-Zhesterev,A Kiev 2002 1-0 (35)}) ({RR} 8... Be7 9. Bb2 O-O 10. Qc2 dxc4 11. Bxc4 a6 12. Bd3 Bxb4 13. Rd1 Bd6 14. Ne4 Nxe4 15. Bxe4 Qa5+ 16. Nd2 Be5 17. O-O Bxb2 18. Qxb2 Qe5 19. Qb1 Bd7 20. Nc4 Qc7 21. Nd6 Rab8 22. Rd2 Ne5 23. Qb2 {Le,Q (2731)-Raja,H (2458) Saint Louis USA 2024 1-0 (47)}) 9. Bb2 O-O 10. cxd5 exd5 11. Nb5 Be7 12. Nbd4 Ne4 13. Be2 a5 14. b5 Nxd4 15. Nxd4 a4 16. O-O Bd6 17. Bd3 Re8 18. Bc2 Qf6 19. Ra2 Qg6 20. Qe2 Qg5 21. Ba1 Bd7 22. Rd1 Qe5 23. g3 Qg5 24. Qf1 Qe7 25. Qd3 Rac8 26. Bb1 Be5 27. f3 Nf6 28. Rc2 Rc4 29. Rxc4 dxc4 30. Qxc4 Qxa3 31. Nc2 Qe7 32. Bxe5 Qxe5 33. Qxa4 Bxb5 34. Qa5 b6 35. Qxb6 Be2 36. Rd8 Bxf3 37. Ne1 Ba8 38. Qd4 Qe7 39. Rxe8+ Nxe8 40. Bd3 g6 41. Bf1 Nd6 42. Bg2 Bxg2 43. Nxg2 g5 44. Qd3 Qe6 45. Ne1 Ne4 46. Nf3 Qf5 47. Qf1 Nf6 48. Nd2 Qe5 49. Qf3 Qc3 50. Nf1 Nd7 51. Qe4 Ne5 52. h3 Qc7 53. Kg2 Qd6 54. Qa8+ Kg7 55. Qe4 h5 56. h4 g4 57. Qd4 Qc6+ 58. e4 Qb5 59. Kf2 Kg6 60. Ne3 Qc5 61. Qd8 Nf3 62. Qg8+ Kf6 63. Qh8+ Ke7 64. Qb2 Ne5 65. Kg2 Qxe3 66. Qxe5+ Kf8 67. Qh8+ Ke7 68. Qe5+ Kf8 1/2-1/2

[Event "FIDE Grand Swiss 2025"]
[Site "Samarkand UZB"]
[Date "2025.09.13"]
[Round "9.14"]
[White "Mamedyarov, S."]
[Black "Puranik, A."]
[Result "1-0"]
[WhiteElo "2746"]
[BlackElo "2635"]
[PlyCount "69"]
[EventDate "2025.09.04"]

1. c4 e6 2. Nc3 d5 3. d4 c5 4. cxd5 cxd4 5. Qa4+ Bd7 6. Qxd4 exd5 7. Qxd5 Nf6 8. Qd1 Nc6 9. Nf3 Bc5 10. a3 ({RR} 10. e3 O-O 11. Be2 Qe7 12. O-O Ne5 13. Nd4 Nc6 14. a3 a5 15. b3 Rad8 16. Ncb5 Nxd4 17. Nxd4 Bxd4 18. Qxd4 Bb5 19. Qb2 Bxe2 20. Qxe2 Ne4 21. a4 Rfe8 22. Ba3 Qe6 23. b4 Rd2 24. Qb5 Nxf2 {Le,Q (2709)-Carlsen,M (2865) chess24.com INT 2022 ½-½}) ({RR} 10. e3 O-O 11. Be2 Qe7 12. O-O Ne5 13. Nd4 Nc6 14. a3 a5 15. b3 Rad8 16. Ncb5 Nxd4 17. Nxd4 Bxd4 18. Qxd4 Bb5 19. Qb2 Bxe2 20. Qxe2 Ne4 21. a4 Rfe8 22. Ba3 Qe6 23. b4 Rd2 24. Qb5 Nxf2 {Le,Q (2709)-Carlsen,M (2865) chess24.com INT 2022 ½-½}) 10... Qc7 11. Bg5 O-O-O $146 ({RR} 11... Qb6 12. e3 Be7 13. Bc4 Bg4 14. Qb3 Qxb3 15. Bxb3 O-O 16. Nd2 Ne5 17. f3 Be6 18. Bxe6 fxe6 19. Ke2 Rfd8 20. Nb5 Rac8 21. Nd4 Kf7 22. Rac1 Ng6 23. Nc4 Rc5 24. Bxf6 gxf6 25. b4 Rcd5 26. Na5 {Gao,M (2284)-Imomkuzieva,N (2235) Ulaanbaatar MGL 2026 1-0 (45)}) ({RR} 11... Qb6 12. e3 Be7 13. Bc4 Bg4 14. Qb3 Qxb3 15. Bxb3 O-O 16. Nd2 Ne5 17. f3 Be6 18. Bxe6 fxe6 19. Ke2 Rfd8 20. Nb5 Rac8 21. Nd4 Kf7 22. Rac1 Ng6 23. Nc4 Rc5 24. Bxf6 gxf6 25. b4 Rcd5 26. Na5 {Gao,M (2284)-Imomkuzieva,N (2235) Ulaanbaatar MGL 2026 1-0 (45)}) 12. e3 Rhe8 13. Rc1 Bg4 14. Qa4 Qd7 15. Rd1 Qf5 16. Rxd8+ Rxd8 17. Bxf6 gxf6 18. Be2 Bxf3 19. Bxf3 Ne5 20. Be4 Nd3+ 21. Bxd3 Qxd3 22. Qg4+ Kb8 23. Qe2 Qd7 24. O-O Qc6 25. Rd1 Rc8 26. Nd5 f5 27. g3 a6 28. Qh5 Qg6 29. Qh4 Bd6 30. Nf6 Bf8 31. Nd7+ Ka8 32. Qd4 Re8 33. Nxf8 Rxf8 34. Qc5 Re8 35. Rd6 1-0

[Event "FIDE Grand Swiss 2025"]
[Site "Samarkand UZB"]
[Date "2025.09.08"]
[Round "5.10"]
[White "Aronian, L."]
[Black "Sargsyan, Shant"]
[Result "1/2-1/2"]
[WhiteElo "2737"]
[BlackElo "2653"]
[PlyCount "61"]
[EventDate "2025.09.04"]

1. d4 d5 2. c4 e6 3. Nc3 c5 4. cxd5 exd5 5. Nf3 Nc6 6. dxc5 d4 7. Na4 Bxc5 8. Nxc5 Qa5+ 9. Bd2 Qxc5 10. Rc1 Qb6 11. e3 Nf6 12. Bc4 dxe3 13. Bxe3 Qb4+ 14. Kf1 Be6 15. Qe2 Rd8 16. Bxe6 fxe6 17. h4 $146 ({RR} 17. Bc5 Qe4 18. Qxe4 Nxe4 19. Ba3 Nd2+ 20. Ke2 Nxf3 21. Kxf3 Kf7 22. Rhd1 Rd5 23. Rxd5 exd5 24. Ke3 Re8+ 25. Kd2 Re4 26. f3 Re6 27. Rc2 Ke8 28. Bc5 Kd7 29. Bf2 b6 30. Bg3 h5 31. b3 g5 {Soriano Quispe,I (2361)-Ribeiro,M (2294) Caioba BRA 2025 1-0 (68)}) ({RR} 17. Bc5 Qe4 18. Qxe4 Nxe4 19. Ba3 Nd2+ 20. Ke2 Nxf3 21. Kxf3 Kf7 22. Rhd1 Rd5 23. Rxd5 exd5 24. Ke3 Re8+ 25. Kd2 Re4 26. f3 Re6 27. Rc2 Ke8 28. Bc5 Kd7 29. Bf2 b6 30. Bg3 h5 31. b3 g5 {Soriano Quispe,I (2361)-Ribeiro,M (2294) Caioba BRA 2025 1-0 (68)}) 17... Qa5 18. Bc5 Qxa2 19. Rh3 Qd5 20. Rg3 Rd7 21. Ng5 e5 22. f4 e4 23. Re3 Qd2 24. Qc4 Qd5 25. Qa4 h6 26. Nxe4 Nxe4 27. Rxe4+ Kf7 28. Kg1 Re8 29. Rxe8 Kxe8 30. Kh2 Kf7 31. Rc3 1/2-1/2

[Event "FIDE World Cup 2025"]
[Site "Goa IND"]
[Date "2025.11.13"]
[Round "4.3"]
[White "Maghsoodloo, Parham"]
[Black "Wei Yi"]
[Result "1/2-1/2"]
[WhiteElo "2701"]
[BlackElo "2753"]
[PlyCount "209"]
[EventDate "2025.11.01"]
[EventType "k.o."]

1. c4 Nf6 2. Nc3 c5 3. Nf3 e6 4. g3 d5 5. cxd5 exd5 6. d4 Nc6 7. Be3 c4 8. Bg5 Be7 9. Bg2 O-O 10. O-O Be6 11. e3 Ne4 $146 ({RR} 11... h6 12. Bxf6 Bxf6 13. Nd2 Rc8 14. f4 Qd7 15. Nf3 Be7 16. Qd2 f6 17. Nh4 Bb4 18. f5 Bf7 19. g4 Rfe8 20. Bf3 Re7 21. Rae1 Rce8 22. Ng6 Bxg6 23. fxg6 Re6 24. h4 Ne7 25. h5 Qd6 26. Qg2 {Hillarp Persson,T (2455)-Carlsson,L (2334) Fagernes NOR 2024 ½-½ (48)}) ({RR} 11... h6 12. Bxf6 Bxf6 13. Nd2 Rc8 14. f4 Qd7 15. Nf3 Be7 16. Qd2 f6 17. Nh4 Bb4 18. f5 Bf7 19. g4 Rfe8 20. Bf3 Re7 21. Rae1 Rce8 22. Ng6 Bxg6 23. fxg6 Re6 24. h4 Ne7 25. h5 Qd6 26. Qg2 {Hillarp Persson,T (2455)-Carlsson,L (2334) Fagernes NOR 2024 ½-½ (48)}) ({RR} 11... h6 12. Bxf6 Bxf6 13. Nd2 Rc8 14. f4 Qd7 15. Nf3 Be7 16. Qd2 f6 17. Nh4 Bb4 18. f5 Bf7 19. g4 Rfe8 20. Bf3 Re7 21. Rae1 Rce8 22. Ng6 Bxg6 23. fxg6 Re6 24. h4 Ne7 25. h5 Qd6 26. Qg2 {Hillarp Persson,T (2455)-Carlsson,L (2334) Fagernes NOR 2024 ½-½ (48)}) ({RR} 11... h6 12. Bxf6 Bxf6 13. Nd2 Rc8 14. f4 Qd7 15. Nf3 Be7 16. Qd2 f6 17. Nh4 Bb4 18. f5 Bf7 19. g4 Rfe8 20. Bf3 Re7 21. Rae1 Rce8 22. Ng6 Bxg6 23. fxg6 Re6 24. h4 Ne7 25. h5 Qd6 26. Qg2 {Hillarp Persson,T (2455)-Carlsson,L (2334) Fagernes NOR 2024 ½-½ (48)}) 12. Bxe7 Qxe7 13. Qe2 Nxc3 14. bxc3 b5 15. a3 Bf5 16. Qb2 Rab8 17. Nd2 Qd6 18. e4 dxe4 19. Nxe4 Bxe4 20. Bxe4 a5 21. Rfe1 g6 22. Bg2 Rfc8 23. Qe2 b4 24. axb4 axb4 25. d5 Nd8 26. cxb4 Rxb4 27. Qe8+ Kg7 28. Ra7 Rcb8 29. Rd7 Qf6 30. Rc7 Rb1 31. Bf1 Nc6 32. Rxb1 Rxe8 33. Rxc6 Qf5 34. Rc1 Qxd5 35. R6xc4 Re6 36. Rf4 g5 37. Rfc4 Rf6 38. R4c2 h5 39. Rc5 Qd4 40. R1c2 Kg6 41. R5c4 Qd1 42. Rc1 Qf3 43. R4c2 h4 44. Bg2 Qf5 45. Re2 Kh6 46. Rce1 Qc5 47. Re3 Rf5 48. Bf3 Qc2 49. g4 Rf4 50. h3 Qd2 51. Kg2 Rf6 52. Rd1 Qc2 53. Rd8 Re6 54. Rxe6+ fxe6 55. Rd6 Qg6 56. Bc6 Kg7 57. Bf3 Qf7 58. Rb6 Qf6 59. Rb7+ Kf8 60. Ra7 Qd4 61. Ra5 e5 62. Rd5 Qf4 63. Rd3 Ke7 64. Re3 Kd6 65. Re4 Qd2 66. Re3 Qd4 67. Be4 Ke7 68. Bd3 Qd5+ 69. Kg1 Qd4 70. Rf3 Qa1+ 71. Bf1 e4 72. Re3 Qb1 73. Kg2 Kd6 74. Bc4 Qc2 75. Bf7 Ke5 76. Bg6 Kf6 77. Bxe4 Qc4 78. Bf3 Qd4 79. Ra3 Qd2 80. Ra6+ Ke5 81. Ra8 Kf6 82. Rf8+ Kg7 83. Rf5 Qc1 84. Be4 Qd2 85. Rd5 Qf4 86. Rd7+ Kf6 87. Bf3 Qc1 88. Rd1 Qf4 89. Rb1 Qd2 90. Rb5 Kg7 91. Rd5 Qc1 92. Rd1 Qf4 93. Re1 Kf6 94. Re3 Kg7 95. Kg1 Qb4 96. Bg2 Qb1+ 97. Bf1 Kf6 98. Rf3+ Kg7 99. Rf5 Qc1 100. Ra5 Qd2 101. Rc5 Qf4 102. Bd3 Qd2 103. Bf1 Qf4 104. Bd3 Qd2 105. Bf1 1/2-1/2

[Event "FIDE World Cup 2025"]
[Site "Goa IND"]
[Date "2025.11.13"]
[Round "4.6"]
[White "Maghsoodloo, Parham"]
[Black "Wei Yi"]
[Result "1/2-1/2"]
[WhiteElo "2701"]
[BlackElo "2753"]
[PlyCount "47"]
[EventDate "2025.11.01"]
[EventType "k.o."]

1. c4 e6 2. Nc3 c5 3. Nf3 Nf6 4. g3 d5 5. cxd5 exd5 6. d4 Nc6 7. Bg2 cxd4 8. Nxd4 Bc5 9. Nb3 Bb6 10. Nxd5 Be6 11. e4 Bg4 12. Qc2 Rc8 13. O-O Nb4 14. Qd2 Nbxd5 15. h3 Bh5 16. e5 O-O 17. a4 a5 18. exf6 Nxf6 19. Qxd8 Rfxd8 20. Bxb7 Rc2 $146 ({RR} 20... Rc7 21. Ba6 Ne4 22. g4 Nxf2 23. gxh5 Rc2 24. Kg2 Nd3+ 25. Kf3 Rd6 26. Bd2 Rxb2 27. Rfb1 Rc2 28. Bxd3 Rxd3+ 29. Ke2 Rd8 30. Rc1 Rb2 31. Rab1 Ra2 32. Rc6 Ba7 33. Ra6 Bb8 34. Ra8 h6 35. Kf3 {Abasov,N (2632)-Sychev,K (2540) Ankara TUR 2023 1-0 (73)}) ({RR} 20... Rc7 21. Ba6 Ne4 22. g4 Nxf2 23. gxh5 Rc2 24. Kg2 Nd3+ 25. Kf3 Rd6 26. Bd2 Rxb2 27. Rfb1 Rc2 28. Bxd3 Rxd3+ 29. Ke2 Rd8 30. Rc1 Rb2 31. Rab1 Ra2 32. Rc6 Ba7 33. Ra6 Bb8 34. Ra8 h6 35. Kf3 {Abasov,N (2632)-Sychev,K (2540) Ankara TUR 2023 1-0 (73)}) ({RR} 20... Rc7 21. Ba6 Ne4 22. g4 Nxf2 23. gxh5 Rc2 24. Kg2 Nd3+ 25. Kf3 Rd6 26. Bd2 Rxb2 27. Rfb1 Rc2 28. Bxd3 Rxd3+ 29. Ke2 Rd8 30. Rc1 Rb2 31. Rab1 Ra2 32. Rc6 Ba7 33. Ra6 Bb8 34. Ra8 h6 35. Kf3 {Abasov,N (2632)-Sychev,K (2540) Ankara TUR 2023 1-0 (73)}) ({RR} 20... Rc7 21. Ba6 Ne4 22. g4 Nxf2 23. gxh5 Rc2 24. Kg2 Nd3+ 25. Kf3 Rd6 26. Bd2 Rxb2 27. Rfb1 Rc2 28. Bxd3 Rxd3+ 29. Ke2 Rd8 30. Rc1 Rb2 31. Rab1 Ra2 32. Rc6 Ba7 33. Ra6 Bb8 34. Ra8 h6 35. Kf3 {Abasov,N (2632)-Sychev,K (2540) Ankara TUR 2023 1-0 (73)}) 21. Be3 Rb8 22. Bxb6 Rxb7 23. Rfc1 Rxc1+ 24. Rxc1 1/2-1/2

[Event "FIDE Grand Swiss 2025"]
[Site "Samarkand UZB"]
[Date "2025.09.06"]
[Round "3.19"]
[White "Niemann, Hans Moke"]
[Black "Svane, R."]
[Result "1-0"]
[WhiteElo "2736"]
[BlackElo "2619"]
[PlyCount "149"]
[EventDate "2025.09.04"]

1. c4 Nf6 2. Nc3 c5 3. g3 e6 4. Nf3 d5 5. cxd5 exd5 6. d4 Nc6 7. Bg2 cxd4 8. Nxd4 Bc5 9. Nb3 Bb6 10. Na4 O-O 11. Nxb6 axb6 12. Be3 ({RR} 12. Nd4 Re8 13. O-O Nxd4 14. Qxd4 Rxe2 15. Be3 Rc2 16. Rfc1 Rxc1+ 17. Rxc1 Bd7 18. Qxb6 Qxb6 19. Bxb6 Rxa2 20. Bd4 Bc6 21. b4 Ra4 22. Bxf6 gxf6 23. b5 Bxb5 24. Bxd5 Bc6 25. Bxc6 bxc6 26. Rxc6 Kg7 {Giri,A (2777)-Carlsen,M (2855) chess24.com INT 2021 ½-½ (31)}) ({RR} 12. O-O Re8 13. Qd3 Ne5 14. Qc2 Bg4 15. Nd4 Qd7 16. Re1 Bh3 17. b3 Rac8 18. Qd1 Ne4 19. f3 Nd6 20. Be3 Bxg2 21. Kxg2 Ng4 22. Bg1 Ne3+ 23. Bxe3 Rxe3 24. Qd2 Rce8 25. Rac1 h5 26. h4 Nf5 {Niemann,H (2742)-Xu,X (2623) Hong Kong HKG 2026 ½-½ (38)}) ({RR} 12. Nd4 Re8 13. O-O Nxd4 14. Qxd4 Rxe2 15. Be3 Rc2 16. Rfc1 Rxc1+ 17. Rxc1 Bd7 18. Qxb6 Qxb6 19. Bxb6 Rxa2 20. Bd4 Bc6 21. b4 Ra4 22. Bxf6 gxf6 23. b5 Bxb5 24. Bxd5 Bc6 25. Bxc6 bxc6 26. Rxc6 Kg7 {Giri,A (2777)-Carlsen,M (2855) chess24.com INT 2021 ½-½ (31)}) ({RR} 12. O-O Re8 13. Qd3 Ne5 14. Qc2 Bg4 15. Nd4 Qd7 16. Re1 Bh3 17. b3 Rac8 18. Qd1 Ne4 19. f3 Nd6 20. Be3 Bxg2 21. Kxg2 Ng4 22. Bg1 Ne3+ 23. Bxe3 Rxe3 24. Qd2 Rce8 25. Rac1 h5 26. h4 Nf5 {Niemann,H (2742)-Xu,X (2623) Hong Kong HKG 2026 ½-½ (38)}) 12... Re8 13. O-O h5 14. h3 $146 ({RR} 14. Bd4 h4 15. e3 h3 16. Bh1 Bf5 17. Qf3 Be4 18. Bxf6 Bxf3 19. Bxd8 Bxh1 20. Bxb6 Bg2 21. Rfc1 Ne5 22. Nd2 Nd3 23. Rc3 Nxb2 24. Rc2 Nd3 25. Rc3 Ne5 26. Bd4 Nc6 27. Nb3 Ra3 28. Rc2 Rea8 {Postny,E (2546)-Costa,L (2547) Austria AUT 2025 ½-½ (64)}) ({RR} 14. Bg5 Bf5 15. e3 Bg6 16. a3 Qd6 17. Rc1 Ne4 18. Bf4 Qf6 19. Nd4 Rac8 20. h4 Nc5 21. Rc3 Nxd4 22. exd4 Ne6 23. Be5 Qf5 24. Re1 Rcd8 25. Bc7 Nxc7 26. Rxc7 Rxe1+ 27. Qxe1 Qd3 28. Qe3 Qb1+ {Lazavik,D (2605)-Carlsen,M (2840) London ENG 2026 ½-½ (51)}) ({RR} 14. Bd4 h4 15. e3 h3 16. Bh1 Bf5 17. Qf3 Be4 18. Bxf6 Bxf3 19. Bxd8 Bxh1 20. Bxb6 Bg2 21. Rfc1 Ne5 22. Nd2 Nd3 23. Rc3 Nxb2 24. Rc2 Nd3 25. Rc3 Ne5 26. Bd4 Nc6 27. Nb3 Ra3 28. Rc2 Rea8 {Postny,E (2546)-Costa,L (2547) Austria AUT 2025 ½-½ (64)}) ({RR} 14. Bg5 Bf5 15. e3 Bg6 16. a3 Qd6 17. Rc1 Ne4 18. Bf4 Qf6 19. Nd4 Rac8 20. h4 Nc5 21. Rc3 Nxd4 22. exd4 Ne6 23. Be5 Qf5 24. Re1 Rcd8 25. Bc7 Nxc7 26. Rxc7 Rxe1+ 27. Qxe1 Qd3 28. Qe3 Qb1+ {Lazavik,D (2605)-Carlsen,M (2840) London ENG 2026 ½-½ (51)}) 14... Ne4 15. Bd4 Bf5 16. e3 Bg6 17. h4 Nf6 18. a3 Nxd4 19. Nxd4 Be4 20. Rc1 Bxg2 21. Kxg2 Rc8 22. Rxc8 Qxc8 23. Qd3 Re7 24. Qb3 Qc5 25. Rd1 g6 26. Ne2 Re4 27. Nd4 Re7 28. Rd2 Ne4 29. Rc2 Qd6 30. Rc8+ Kg7 31. Qb4 Qf6 32. Nf3 Nc5 33. Qd4 Qxd4 34. Nxd4 Kf6 35. Kf1 Ne6 36. Nb5 Ke5 37. Rc3 Rd7 38. Ke2 Rd8 39. Rc2 Rd7 40. Rc1 Rd8 41. Rc3 Rd7 42. Rb3 Nc5 43. Rb4 Na6 44. Ra4 Nc5 45. Rd4 Ne4 46. Rb4 Rd8 47. Nd4 Rd6 48. Ra4 Rf6 49. Nf3+ Kd6 50. Rd4 Rf5 51. Rd1 Rf6 52. Rc1 Rf5 53. Rg1 Rf6 54. Rg2 Nc5 55. Nd4 Na4 56. b4 Nb2 57. Rg1 Nc4 58. Nb5+ Ke7 59. Rd1 Rf5 60. f4 Rf6 61. Rxd5 Rc6 62. e4 Nb2 63. Rd2 Na4 64. Kd3 Rc1 65. Rc2 Rg1 66. Rc7+ Kf8 67. Kd4 Rxg3 68. Nd6 Rxa3 69. Rxf7+ Kg8 70. Rxb7 Rb3 71. b5 Rh3 72. Nc8 Rb3 73. Ne7+ Kf7 74. Nd5+ Ke8 75. e5 1-0

[Event "FIDE Grand Swiss 2025"]
[Site "Samarkand UZB"]
[Date "2025.09.06"]
[Round "3.22"]
[White "Anton Guijarro, D."]
[Black "Liang, Awonder"]
[Result "1/2-1/2"]
[WhiteElo "2625"]
[BlackElo "2696"]
[PlyCount "61"]
[EventDate "2025.09.04"]

1. d4 d5 2. c4 e6 3. Nc3 c5 4. cxd5 exd5 5. Nf3 Nc6 6. e3 cxd4 7. exd4 Nf6 8. Bb5 Be7 9. O-O O-O 10. Ne5 Qb6 11. Be3 Be6 12. Rc1 Rac8 13. Bxc6 bxc6 14. Na4 Qb5 $146 ({RR} 14... Qa6 15. b3 Nd7 16. Nxd7 Bxd7 17. Qd2 Rfe8 18. Nc5 Bxc5 19. Rxc5 Qb6 20. Bf4 Re6 21. Re1 Rce8 22. Rxe6 Rxe6 23. h3 f6 24. Be3 Bc8 25. Qc3 Bd7 26. b4 Re8 27. a3 a6 28. Qd3 Re4 29. Qd1 {Anton Guijarro,D (2703)-Borisek,J (2591) Chess.com INT 2020 ½-½ (54)}) ({RR} 14... Qa6 15. b3 Nd7 16. Nxd7 Bxd7 17. Qd2 Rfe8 18. Nc5 Bxc5 19. Rxc5 Qb6 20. Bf4 Re6 21. Re1 Rce8 22. Rxe6 Rxe6 23. h3 f6 24. Be3 Bc8 25. Qc3 Bd7 26. b4 Re8 27. a3 a6 28. Qd3 Re4 29. Qd1 {Anton Guijarro,D (2703)-Borisek,J (2591) Chess.com INT 2020 ½-½ (54)}) 15. Bg5 h6 16. Bh4 Rfe8 17. h3 Bf5 18. b3 Ba3 19. Bxf6 Bxc1 20. Bxg7 Kxg7 21. Qf3 f6 22. Qxf5 fxe5 23. Rxc1 exd4 24. Qg4+ Kh7 25. Qf5+ Kg7 26. Qg4+ Kh7 27. Qf5+ Kg7 28. Qg4+ Kh7 29. Qf5+ Kg7 30. Qg4+ Kh7 31. Qf5+ 1/2-1/2

[Event "FIDE Grand Swiss 2025"]
[Site "Samarkand UZB"]
[Date "2025.09.08"]
[Round "5.6"]
[White "Abdusattorov, Nodirbek"]
[Black "Erdogmus, Yagiz Kaan"]
[Result "1/2-1/2"]
[WhiteElo "2771"]
[BlackElo "2642"]
[PlyCount "379"]
[EventDate "2025.09.04"]

1. c4 e6 2. Nc3 d5 3. d4 c5 4. cxd5 exd5 5. Nf3 Nc6 6. g3 Nf6 7. Bg2 cxd4 8. Nxd4 Bc5 9. Nb3 Bb6 10. O-O d4 11. Na4 O-O 12. Qd3 Re8 13. Nxb6 axb6 14. Rd1 Bg4 15. Nxd4 Bxe2 16. Nxe2 Qxd3 17. Rxd3 Rxe2 18. Rd1 h6 19. Bf1 $146 ({RR} 19. a3 Rae8 20. Bf1 R2e6 21. Bf4 g5 22. Bd2 Ne4 23. Be3 Ne5 24. Bb5 R8e7 25. Rd8+ Kh7 26. Rc1 f5 27. Rcc8 Nf7 28. Rd7 Ned6 29. Rcc7 Rxd7 30. Bxd7 Re7 31. Bxb6 Kg6 32. Ba4 Re1+ 33. Kg2 Ne5 {Seel,C (2481)-Krastev,A (2425) Rhodes GRE 2025 1-0 (59)}) ({RR} 19. a3 Rae8 20. Bf1 R2e6 21. Bf4 g5 22. Bd2 Ne4 23. Be3 Ne5 24. Bb5 R8e7 25. Rd8+ Kh7 26. Rc1 f5 27. Rcc8 Nf7 28. Rd7 Ned6 29. Rcc7 Rxd7 30. Bxd7 Re7 31. Bxb6 Kg6 32. Ba4 Re1+ 33. Kg2 Ne5 {Seel,C (2481)-Krastev,A (2425) Rhodes GRE 2025 1-0 (59)}) 19... Re5 20. a3 Rd5 21. Be3 Rad8 22. Rdc1 b5 23. b4 Ne4 24. Bg2 f5 25. g4 Re8 26. gxf5 Rxf5 27. Rd1 Nf6 28. Rac1 Ng4 29. Bc5 Nge5 30. Rc3 Nc4 31. h4 Rf4 32. h5 Rg4 33. Kf1 Rg5 34. Bd5+ Kh8 35. Bf7 Ra8 36. Bg6 Rg4 37. Rd5 b6 38. f3 Rg5 39. Rxg5 hxg5 40. Bxb6 N6e5 41. Bd4 Nxg6 42. hxg6 Ra6 43. Kg2 Kg8 44. Rc1 Rd6 45. Bc5 Rd2+ 46. Kg3 Ne5 47. Be3 Rd8 48. Bxg5 Ra8 49. Rc7 Nxg6 50. Bc1 Rf8 51. Bb2 Rf7 52. Rxf7 Kxf7 53. Kg4 Nf8 54. Kf5 Nd7 55. Ke4 Nb6 56. Kd4 Ke6 57. Bc1 Kd6 58. Bf4+ Kc6 59. Be5 g6 60. Bf4 Nd7 61. Bg5 Kd6 62. Bh4 Nb6 63. Bg3+ Kc6 64. Bf4 Nd7 65. Bh6 Kd6 66. Bg5 Nb6 67. Bf6 Nd7 68. Bd8 Nf8 69. Ke4 Nd7 70. Kf4 Ke6 71. Bc7 Nf6 72. Kg5 Kf7 73. Be5 Nd5 74. Bd4 Ne7 75. Kf4 Ke6 76. Ke4 Nd5 77. Be3 Ne7 78. Bg1 Nf5 79. Bh2 Nh4 80. Bf4 Nf5 81. Bc7 Kd7 82. Bb6 Ke6 83. Bc5 Ng3+ 84. Kf4 Nf5 85. Kg5 Kf7 86. Kg4 Kf6 87. Kf4 Ke6 88. Ke4 Ng3+ 89. Ke3 Nf5+ 90. Kf4 Kf6 91. Ke4 Ke6 92. Bf2 Kd6 93. Be1 Ke6 94. Bd2 Kd6 95. Bg5 Ng3+ 96. Kf4 Nf5 97. Bd8 Ke6 98. Ke4 Ng3+ 99. Kf4 Nf5 100. Bb6 Kf6 101. Bg1 Ke6 102. Bh2 Kf6 103. Ke4 Ke6 104. Bf4 Nh4 105. Kd4 g5 106. Be3 Nxf3+ 107. Kc5 g4 108. Kxb5 g3 109. Ka6 Kd5 110. b5 Ke4 111. Bc5 Kd5 112. Be3 Ke4 113. Ba7 Nd4 114. Bxd4 Kxd4 115. b6 g2 116. b7 g1=Q 117. b8=Q Qc1 118. Qd6+ Ke4 119. a4 Qc4+ 120. Ka5 Kf3 121. Qe5 Qc6 122. Kb4 Qb6+ 123. Ka3 Qc6 124. a5 Qc1+ 125. Kb4 Qb1+ 126. Kc5 Qc2+ 127. Kd6 Qa4 128. Qc5 Kg4 129. Kc7 Qf4+ 130. Kc8 Qe4 131. Kb8 Qf4+ 132. Kb7 Qf7+ 133. Ka6 Qf1+ 134. Kb6 Qf6+ 135. Kb5 Kh3 136. Qe3+ Kh2 137. a6 Qf1+ 138. Kb6 Qf6+ 139. Kb7 Qf7+ 140. Kb8 Qg8+ 141. Kc7 Qf7+ 142. Kd6 Qf6+ 143. Qe6 Qd4+ 144. Kc6 Qc3+ 145. Kd7 Qg7+ 146. Qe7 Qg4+ 147. Kc7 Qc4+ 148. Kb7 Qd5+ 149. Kb8 Qg8+ 150. Ka7 Qd5 151. Qb7 Qd4+ 152. Ka8 Kh3 153. Qc8+ Kh4 154. Qc7 Qe4+ 155. Kb8 Qb4+ 156. Kc8 Qg4+ 157. Qd7 Qc4+ 158. Kb7 Qb4+ 159. Ka7 Qc5+ 160. Kb8 Qb6+ 161. Qb7 Qd6+ 162. Ka7 Qd4+ 163. Qb6 Qd7+ 164. Kb8 Qe8+ 165. Kc7 Qf7+ 166. Kc8 Qf5+ 167. Kb7 Qe4+ 168. Qc6 Qb4+ 169. Kc7 Qe7+ 170. Kb6 Qb4+ 171. Qb5 Qd6+ 172. Ka5 Qd8+ 173. Kb4 Qd2+ 174. Ka3 Qc3+ 175. Ka4 Qa1+ 176. Kb4 Qe1+ 177. Kc5 Qe7+ 178. Kb6 Qd8+ 179. Kb7 Qe7+ 180. Kc8 Qe6+ 181. Kc7 Qe7+ 182. Qd7 Qc5+ 183. Qc6 Qe7+ 184. Kb6 Qb4+ 185. Qb5 Qd6+ 186. Ka5 Qd8+ 187. Ka4 Qd1+ 188. Qb3 Qa1+ 189. Kb5 Qe5+ 190. Kb4 1/2-1/2

[Event "12th Sinquefield Cup"]
[Site "Saint Louis USA"]
[Date "2025.08.21"]
[Round "4.4"]
[White "Praggnanandhaa, R."]
[Black "Sevian, Samuel"]
[Result "1/2-1/2"]
[WhiteElo "2779"]
[BlackElo "2683"]
[PlyCount "58"]
[EventDate "2025.08.18"]

1. c4 e6 2. Nc3 d5 3. d4 c5 4. cxd5 exd5 5. Nf3 Nc6 6. Bg5 Be7 7. Bxe7 Ngxe7 8. e3 c4 9. Be2 O-O 10. O-O Rb8 11. b3 b5 12. bxc4 bxc4 13. e4 dxe4 14. Nxe4 Bg4 15. Bxc4 Bxf3 16. Qxf3 Qxd4 17. Bb3 Qe5 $146 ({RR} 17... Ne5 18. Qf4 Rb4 19. Rfe1 N7g6 20. Qe3 a5 21. Nc3 Qh4 22. Nd5 Ng4 23. Qg3 Qxg3 24. hxg3 Rb7 25. Re4 h5 26. Rc1 Rfb8 27. f3 N4e5 28. Rc5 Rb5 29. Rc7 Kh7 30. Nf4 f5 31. Rd4 Kh6 32. Nxg6 {Bartel,M (2624)-Petr,M (2521) Czech Republic 2012 1-0 (71)}) ({RR} 17... Ne5 18. Qf4 Rb4 19. Rfe1 N7g6 20. Qe3 a5 21. Nc3 Qh4 22. Nd5 Ng4 23. Qg3 Qxg3 24. hxg3 Rb7 25. Re4 h5 26. Rc1 Rfb8 27. f3 N4e5 28. Rc5 Rb5 29. Rc7 Kh7 30. Nf4 f5 31. Rd4 Kh6 32. Nxg6 {Bartel,M (2624)-Petr,M (2521) Czech Republic 2012 1-0 (71)}) 18. Rfe1 Nd4 19. Nf6+ Qxf6 20. Qxf6 gxf6 21. Rxe7 Nxb3 22. axb3 Rxb3 23. g3 Ra8 24. Raxa7 Rxa7 25. Rxa7 Kg7 26. Ra6 Rb4 27. Ra7 Rb3 28. Ra6 Rb4 29. Ra7 Rb3 1/2-1/2